00720nam a2200241 a 4500001001300000003000900013005001700022008004100039020001300080082001600093100001900109245007700128260003400205300000900239500003500248505001000283650002400293700001900317902000800336942000700344952011200351999001500463nice12345678IN_TiNIC20260116012248.0050524s1990 newa grp 000 0 eng  ac244.5100a200.19bFRE aFreud, Sigmund aOrigins of Religionb Totem and Taboo, Moses and Monotheism & Other Work aNew YorkbPenguin Booksc1990 a413p aincludes index and biblioraphy2 aIndex aReligion-Psychology1 aFreud, Sigmund bSRS cBK 00104070aHMIbHMId2007-03-19g244.51l8m2o200.19 FREp014431r2019-07-15s2019-07-03w2026-01-16yEB c6289d6289